• 首页
  • 本馆介绍
  • 公告通知
  • 最新文献
  • 馆藏检索
  • 电子资源
  • 读者导购
  • 参考咨询
  • 我的图书馆
  • 登录
  • 详细信息显示
  • 放入我的书架
  • 预约/预借图书
  • 作者相关作品
  • 分类相关作品
  • 丛书相关作品
  • 出版社相关作品

书目信息

  • 表格格式
  • 工作单格式
  • 卡片格式
题名:
国有金融控股集团风险管理系统规划
    
 
作者: 孙烽 著
分册:  
出版信息: 北京   中国金融出版社  2005
页数: 211页
开本: 24cm
丛书名: 金融博士后工作报告精选
单 册:
中图分类: F832.3
科图分类:
主题词: 国营企业--金融公司--持股公司--风险管理--研究--中国 , 国营企业 , 持股公司 , 风险管理 , 金融公司
电子资源:
ISBN: 7-5049-3786-X
000 01092oam2 2200301 450
001 010040028865
005 20061105112344.56
010    @a7-5049-3786-X@dCNY28.00
100    @a20051230d2005 em y0chiy0110 ea
101 0  @achi
102    @aCN@b110000
105    @aak z 000yy
200 1  @a国有金融控股集团风险管理系统规划@9guo you jin rong kong gu ji tuan feng xian guan li xi tong gui hua@f孙烽著
210    @a北京@c中国金融出版社@d2005
215    @a211页@c图@d24cm
225 2  @a金融博士后工作报告精选
308    @a丛书第一辑
330    @a本书设计的国有金融控股集团风险集成管理系统,其运作贯穿于集团和金融子公司经营管理的整个组织架构和业务流程中,它通过风险管理流程的建立,使得集团的运营能够在风险环境中实现效益性、安全性和流动性三者之间的均衡与协同。
461  0 @12001 @a金融博士后工作报告精选
606 0  @a国营企业@x金融公司@x持股公司@x风险管理@x研究@y中国
606 0  @a国营企业
606 0  @a持股公司
606 0  @a风险管理
606 0  @a金融公司
690    @aF832.3@v4
701  0 @a孙烽@9sun feng@4著
801  0 @aCN@bRENTIAN@c20061105
905    @a10447@dF832.3@e30
    
    国有金融控股集团风险管理系统规划/孙烽著.-北京:中国金融出版社,2005
    211页:图;24cm.-(金融博士后工作报告精选)
    
    
    ISBN 7-5049-3786-X:CNY28.00
    本书设计的国有金融控股集团风险集成管理系统,其运作贯穿于集团和金融子公司经营管理的整个组织架构和业务流程中,它通过风险管理流程的建立,使得集团的运营能够在风险环境中实现效益性、安全性和流动性三者之间的均衡与协同。
●
相关链接 在E读中查询图书 在五车中查询图书 在当当中查询图书 在豆瓣中查询图书


正题名:国有金融控股集团风险管理系统规划     索取号:F832.3/30         预约/预借

序号 登录号 条形码 馆藏地/架位号 状态 备注
1 0380499   203804990   第一样本阅览室/ [索取号:F832.3/30] 在馆    
2 0380500   203805007   第一借阅区/ [索取号:F832.3/30] 在馆    
3 0380501   203805016   第一借阅区/ [索取号:F832.3/30] 在馆    
4 0380502   203805025   第一借阅区/ [索取号:F832.3/30] 在馆    
5 0380503   203805034   第一借阅区/ [索取号:F832.3/30] 在馆    
唐山师范学院图书馆 欢迎您!
大连网信软件有限公司© 版权所有